Central Library OPAC University of Rajshahi

বাংলা সাহিত্য সমালোচনার ধারা (১৯১৪-১৯৪১) / (Record no. 48014)

MARC details
000 -LEADER
fixed length control field 00913nam a2200229 a 4500
001 - CONTROL NUMBER
control field 48014
003 - CONTROL NUMBER IDENTIFIER
rucl marc code BD-RjUL
005 - DATE AND TIME OF LATEST TRANSACTION
control field 20211209054436.0
008 - FIXED-LENGTH DATA ELEMENTS--GENERAL INFORMATION
fixed length control field 160811s1997 ii ||||| |||| 00| 0 ben d
020 ## - INTERNATIONAL STANDARD BOOK NUMBER
International Standard Book Number 8185471495
Terms of availability : IRs.150.00
035 ## - SYSTEM CONTROL NUMBER
System control number (BD-RjUL)48133
040 ## - CATALOGING SOURCE
Original cataloging agency BD-RjUL
Language of cataloging ben
Transcribing agency BD-RjUL
Modifying agency BD-RjUL
041 ## - LANGUAGE CODE
Language code of text/sound track or separate title ben
082 ## - DEWEY DECIMAL CLASSIFICATION NUMBER
Edition number 23
Classification number 891.4409
Author mark and year BAB 1997
100 ## - MAIN ENTRY--PERSONAL NAME
Personal name বসু, সুদীপ
9 (RLIN) 145616
245 10 - TITLE STATEMENT
Title বাংলা সাহিত্য সমালোচনার ধারা (১৯১৪-১৯৪১) /
Statement of responsibility, etc. সুদীপ বসু,
260 ## - PUBLICATION, DISTRIBUTION, ETC. (IMPRINT)
Place of publication, distribution, etc. কলকাতা :
Name of publisher, distributor, etc. পুস্তক বিপনি,
Date of publication, distribution, etc. ১৯৯৭.
300 ## - PHYSICAL DESCRIPTION
Pagination [৬], ৪০৭ পৃ. ;
Size ২৪ সেমি.
650 ## - SUBJECT ADDED ENTRY--TOPICAL TERM
Topical term or geographic name as entry element বাংলা সাহিত্য
Form subdivision ইতিহাস ও সমালোচনা
9 (RLIN) 117445
Topical term or geographic name as entry element Bengali literature
Form subdivision History and Criticism
9 (RLIN) 145617
942 ## - ADDED ENTRY ELEMENTS (KOHA)
Source of classification or shelving scheme Dewey Decimal Classification
Koha item type Books
Holdings
Lost status Source of classification or shelving scheme Damaged status Not for loan Collection code Permanent Location Current Location Shelving location Date acquired Source of acquisition Cost, normal purchase price Total Checkouts Full call number Date last seen Date checked out Copy number Koha item type
  Dewey Decimal Classification     Non-fiction Central Library, University of Rajshahi Central Library, University of Rajshahi   27/05/2007 Paragon Enterprises Dhaka 150.00 3 B 891.4409 BAB 1997 28/01/2021 12/03/2020 C-2 Books
  Dewey Decimal Classification   Not For Loan Non-fiction Central Library, University of Rajshahi Central Library, University of Rajshahi Reading Room 27/05/2007 Paragogn Enterprise, Dhaka 150.00   B 891.4409 BAB 1997 30/01/2017   C-1 Books